<?xml version="1.0" encoding="UTF-8"?>
<record
    xmlns:xsi="http://www.w3.org/2001/XMLSchema-instance"
    xsi:schemaLocation="http://www.loc.gov/MARC21/slim http://www.loc.gov/standards/marcxml/schema/MARC21slim.xsd"
    xmlns="http://www.loc.gov/MARC21/slim">

  <leader>00959nam a2200253Ia 4500</leader>
  <datafield tag="999" ind1=" " ind2=" ">
    <subfield code="c">35980</subfield>
    <subfield code="d">35980</subfield>
  </datafield>
  <controlfield tag="001">1879</controlfield>
  <controlfield tag="003">GE_BSU</controlfield>
  <controlfield tag="005">20221007152657.0</controlfield>
  <controlfield tag="008">181216s2006ru  xx |||||||||||||| ||rus||</controlfield>
  <datafield tag="010" ind1=" " ind2=" ">
    <subfield code="a">5797508036</subfield>
  </datafield>
  <datafield tag="040" ind1=" " ind2=" ">
    <subfield code="c">GE_BSU</subfield>
  </datafield>
  <datafield tag="041" ind1=" " ind2=" ">
    <subfield code="a">rus</subfield>
  </datafield>
  <datafield tag="080" ind1=" " ind2=" ">
    <subfield code="a">347.213 &#x411;-43</subfield>
  </datafield>
  <datafield tag="100" ind1=" " ind2=" ">
    <subfield code="a">&#x411;&#x435;&#x43B;&#x43E;&#x432;, &#x412;.&#x412;.</subfield>
    <subfield code="9">15151</subfield>
  </datafield>
  <datafield tag="245" ind1=" " ind2=" ">
    <subfield code="a">&#x418;&#x43D;&#x442;&#x435;&#x43B;&#x43B;&#x435;&#x43A;&#x435;&#x443;&#x430;&#x43B;&#x44C;&#x43D;&#x430;&#x44F; &#x441;&#x43E;&#x431;&#x441;&#x442;&#x432;&#x435;&#x43D;&#x43D;&#x43E;&#x441;&#x442;&#x44C;  &#x437;&#x430;&#x43A;&#x43E;&#x43D;&#x43E;&#x434;&#x430;&#x442;&#x435;&#x43B;&#x44C;&#x441;&#x442;&#x432;&#x43E; &#x438; &#x43F;&#x440;&#x430;&#x43A;&#x442;&#x438;&#x43A;&#x430;  &#x43F;&#x440;&#x438;&#x43C;&#x435;&#x43D;&#x435;&#x43D;&#x438;&#x44F; </subfield>
    <subfield code="b">&#x41F;&#x440;&#x430;&#x43A;&#x442;&#x438;&#x447;&#x435;&#x441;&#x43A;&#x43E;&#x435; &#x43F;&#x43E;&#x441;&#x43E;&#x431;&#x438;&#x435;  /</subfield>
    <subfield code="c">&#x412;.&#x412;. &#x411;&#x435;&#x43B;&#x43E;&#x432;, &#x412;.&#x412;. &#x418;&#x438;&#x442;&#x430;&#x43B;&#x438;&#x435;&#x432;, &#x413;.&#x41C;. &#x414;&#x435;&#x43D;&#x438;&#x441;&#x43E;&#x432;.</subfield>
  </datafield>
  <datafield tag="250" ind1=" " ind2=" ">
    <subfield code="a">2-&#x435;  &#x438;&#x437;&#x434;. &#x43F;&#x435;&#x440;&#x435;&#x440;. &#x438;&#x434;&#x43E;&#x43F;.</subfield>
  </datafield>
  <datafield tag="264" ind1=" " ind2=" ">
    <subfield code="a">&#x41C;&#x43E;&#x441;&#x43A;&#x432;&#x430; :</subfield>
    <subfield code="b">&#x42E;&#x440;&#x438;&#x441;&#x442;&#x44C;,</subfield>
    <subfield code="c">2006.</subfield>
  </datafield>
  <datafield tag="300" ind1=" " ind2=" ">
    <subfield code="a">351 &#x441;. :</subfield>
    <subfield code="b">21 &#x441;&#x43C;.</subfield>
  </datafield>
  <datafield tag="653" ind1=" " ind2=" ">
    <subfield code="a">&#x418;&#x43D;&#x442;&#x435;&#x43B;&#x43B;&#x435;&#x43A;&#x435;&#x443;&#x430;&#x43B;&#x44C;&#x43D;&#x430;&#x44F; &#x441;&#x43E;&#x431;&#x441;&#x442;&#x432;&#x435;&#x43D;&#x43D;&#x43E;&#x441;&#x442;&#x44C;</subfield>
  </datafield>
  <datafield tag="653" ind1=" " ind2=" ">
    <subfield code="a">&#x10E1;&#x10D0;&#x10DB;&#x10D0;&#x10E0;&#x10D7;&#x10D0;&#x10DA;&#x10D8;</subfield>
  </datafield>
  <datafield tag="710" ind1=" " ind2=" ">
    <subfield code="a">&#x418;&#x438;&#x442;&#x430;&#x43B;&#x438;&#x435;&#x432;, &#x412;.&#x412;.</subfield>
    <subfield code="9">15152</subfield>
  </datafield>
  <datafield tag="710" ind1=" " ind2=" ">
    <subfield code="a">&#x414;&#x435;&#x43D;&#x438;&#x441;&#x43E;&#x432;, &#x413;.&#x41C;.</subfield>
    <subfield code="9">15153</subfield>
  </datafield>
  <datafield tag="942" ind1=" " ind2=" ">
    <subfield code="c">BK</subfield>
    <subfield code="2">udc</subfield>
  </datafield>
  <datafield tag="952" ind1=" " ind2=" ">
    <subfield code="0">0</subfield>
    <subfield code="1">0</subfield>
    <subfield code="2">udc</subfield>
    <subfield code="4">0</subfield>
    <subfield code="6">347213_&#x411;43</subfield>
    <subfield code="7">0</subfield>
    <subfield code="9">34706</subfield>
    <subfield code="a">CPL</subfield>
    <subfield code="b">CPL</subfield>
    <subfield code="c">GEN</subfield>
    <subfield code="d">2018-12-17</subfield>
    <subfield code="g">15.00</subfield>
    <subfield code="o">347.213 &#x411;-43</subfield>
    <subfield code="p">3896</subfield>
    <subfield code="r">2018-12-17</subfield>
    <subfield code="t">3896</subfield>
    <subfield code="w">2018-12-17</subfield>
    <subfield code="y">BK</subfield>
    <subfield code="z">15.00</subfield>
  </datafield>
</record>
